Vocabulaire : les points cardinaux - Statistiques

Statistiques générales
  • Ce quiz a été pris 23 fois
  • Le résultat moyen est 12 sur 20
Statistiques - réponses
Hint Réponse % Correct
Occidental Ouest
80%
Oriental Est
75%
Méridional Sud
75%
Le Midi Sud
70%
Boréal Nord
65%
Asiatique Est
60%
Septentrional Nord
60%
Le Ponant Ouest
60%
Le Zéphyr Ouest
60%
Le Couchant Ouest
60%
Antarctique Sud
60%
Austral Sud
60%
Le Levant Est
55%
Arctique Nord
55%
La Tramontane Nord
55%
L’aube Est
50%
L’Aquilon Nord
50%
Le Mistral Nord - Ouest
45%
La Bise Nord - Est
40%
Le Sirocco Sud - Est
40%
Aucun quiz correspondant
Distribution des résultats
% des personnes avec chaque résultat
Percentile par nombre de réponses
Votre historique - résultats
Vous n’avez pas pris ce quiz